Resumen de las observaciones meteorológicas efectuadas en las Escuelas Pras de Zaragoza durante el trienio de 1883 a 1885 / (Record no. 20657)

MARC details
000 -LEADER
campo de control de longitud fija 00432nam a2200133 i 4500
001 - NÚMERO DE CONTROL
campo de control 20657
003 - IDENTIFICADOR DE NÚMERO DE CONTROL
campo de control ES-MaACL
007 - CAMPO FIJO DE DESCRIPCIÓN FÍSICA--INFORMACIÓN GENERAL
campo de control de longitud fija t|
008 - DATOS DE LONGITUD FIJA--INFORMACIÓN GENERAL
campo de control de longitud fija 021115s1888 sp ||||1| spa d
100 1# - ENTRADA PRINCIPAL--NOMBRE DE PERSONA
Nombre de persona Ainsa, Blas.
9 (RLIN) 18983
245 10 - MENCIÓN DEL TÍTULO
Título Resumen de las observaciones meteorológicas efectuadas en las Escuelas Pras de Zaragoza durante el trienio de 1883 a 1885 /
Mención de responsabilidad, etc. Blas Ainsa.
260 ## - PUBLICACIÓN, DISTRIBUCIÓN, ETC.
Lugar de publicación, distribución, etc. Madrid :
Nombre del editor, distribuidor, etc. [s.n.],
Fecha de publicación, distribución, etc. 1888.
852 ## - LOCALIZACIÓN
Ubicación ES-MaACL
Número de control de estantería T-558-F-9
Holdings
Estatus retirado Estado de pérdida Estado de daño No para préstamo Colección Biblioteca de origen Biblioteca actual Ubicación en estantería Fecha de adquisición Fuente de adquisición Total de préstamos Signatura topográfica completa Código de barras Visto por última vez Precio de reemplazo Tipo de ítem Koha
        Colección de folletos Biblioteca del Ateneo de Madrid Biblioteca del Ateneo de Madrid Depósito folletos 17/01/2008     T-558-F-9 1021209 23/02/2023 23/02/2023 Folleto